000 00504nam a22001697a 4500
005 20240830100239.0
008 240830b |||||||| |||| 00| 0 eng d
020 _a0198602618
041 _aEnglish
082 _a349 NEW
100 _lEnglish
245 _aThe New Oxford Thesaurus of English
_cedited by P Hanks
260 _aNew York:
_bOxford University Press Inc.
_c2000
300 _bix, 1087 pages;
_c29 cm.
650 _aLegal Practice
_bLaw
942 _cBK
_6ALISON_BN_VRIES
999 _c2962
_d2962